Cơ hoÌ£c Đã đươÌ£c HôÌ£i đôÌ€ng thẩm điÌ£nh saÌch của BôÌ£ GiaÌo duÌ£c vaÌ€ ĐaÌ€o taÌ£o thông qua duÌ€ng laÌ€m taÌ€i liêÌ£u giảng daÌ£y trong caÌc trươÌ€ng ĐaÌ£i hoÌ£c kỹ thuâÌ£t T.1
Nội dung gồm 2 phần. Phần 1: Tĩnh học, gồm có 4 chương; Ch.1: Các khái niệm cơ bản và hệ tiền đề tĩnh học; Ch.2: Hệ lực không gian; Ch.3: Ma sát; Ch.4: Trọng tâm; Phần 2: Động học, gồm có Ch.1: Động học điểm; Ch.2: Chuyển động cơ bản của vậ...
Zapisane w:
| 1. autor: | |
|---|---|
| Kolejni autorzy: | |
| Format: | Książka |
| Język: | Undetermined |
| Wydane: |
H.
GiaÌo duÌ£c Việt Nam
2009
|
| Hasła przedmiotowe: | |
| Dostęp online: | http://lrc.tdmu.edu.vn/opac/search/detail.asp?aID=2&ID=15538 |
| Etykiety: |
Dodaj etykietę
Nie ma etykietki, Dołącz pierwszą etykiete!
|
| Thư viện lưu trữ: | Trung tâm Học liệu Trường Đại học Thủ Dầu Một |
|---|
| LEADER | 01657nam a2200253Ia 4500 | ||
|---|---|---|---|
| 001 | TDMU_15538 | ||
| 008 | 210410s9999 xx 000 0 und d | ||
| 082 | |a 531.01 | ||
| 090 | |b Đ458 | ||
| 100 | |a Đỗ, Sanh | ||
| 245 | 0 | |a Cơ hoÌ£c | |
| 245 | 0 | |b Đã đươÌ£c HôÌ£i đôÌ€ng thẩm điÌ£nh saÌch của BôÌ£ GiaÌo duÌ£c vaÌ€ ĐaÌ€o taÌ£o thông qua duÌ€ng laÌ€m taÌ€i liêÌ£u giảng daÌ£y trong caÌc trươÌ€ng ĐaÌ£i hoÌ£c kỹ thuâÌ£t | |
| 245 | 0 | |c Đỗ Sanh (Ch.b), Nguyễn Văn Đình, Nguyễn Văn Khang | |
| 245 | 0 | |n T.1 | |
| 245 | 0 | |p Tĩnh học và động học | |
| 260 | |a H. | ||
| 260 | |b GiaÌo duÌ£c Việt Nam | ||
| 260 | |c 2009 | ||
| 300 | |a 183tr. | ||
| 520 | |a Nội dung gồm 2 phần. Phần 1: Tĩnh học, gồm có 4 chương; Ch.1: Các khái niệm cơ bản và hệ tiền đề tĩnh học; Ch.2: Hệ lực không gian; Ch.3: Ma sát; Ch.4: Trọng tâm; Phần 2: Động học, gồm có Ch.1: Động học điểm; Ch.2: Chuyển động cơ bản của vật rắn; Ch.3: Hợp chuyển động điểm; Ch.4: Chuyển động son phẳng của vật rắn. | ||
| 650 | |a VâÌ£t liÌ; Cơ hoÌ£c; ĐôÌ£ng hoÌ£c; Tĩnh học; Cơ hoÌ£c |x Tĩnh hoÌ£c; Cơ học |x Động học | ||
| 700 | |a Nguyễn, Văn Đình | ||
| 856 | |u http://lrc.tdmu.edu.vn/opac/search/detail.asp?aID=2&ID=15538 | ||
| 980 | |a Trung tâm Học liệu Trường Đại học Thủ Dầu Một | ||